Emil a detektívi

Bibliographic Details
Main Author: Kästner, Erich, 1899-1974 (Author)
Other Authors: Václav, Melichar, 1916-2013 (Translator), Kellenberger, Ľubomír, 1921-1971 (Illustrator)
Format: Book
Language:Slovak
German
PhysicalDescription:123 strán, 4 nečíslované strany obrazových príloh ilustrácie (niektoré farebné) 21 cm
Published: Bratislava Mladé letá 1958
Edition:Vydanie v ML prvé
Subjects:

MARC

LEADER 00000cam a2200000 a 4500
001 vtls008325708
003 SK-MaSNL
005 20260301020346.0
008 220512s1958 xo a cr 000 j slo
015 |a SNBA1958/09-01355 
020 |q (viazané) 
035 |a SK01SNK19580017925 
035 |a urn:nbn:sk:snk-am3i875 
035 |a 0471BFAE-DB07-4BF9-ABB7-C7D0844AABAD 
035 |a urn:nbn:sk:snk-am00dx3l 
035 |a SKM000020388 
040 |a SNK  |b slo  |a SNK  |e AACR2  |c SNK 
041 1 |a slo  |h ger 
044 |a xo  |c SK 
080 |a 821.112.2-32  |2 2011 
080 |a (0:82-321.3)  |2 2011 
080 |a 82-93-053.4/.5  |2 2011 
100 1 |a Kästner, Erich,  |d 1899-1974  |4 aut  |9 107304 
240 1 0 |a Emil und die Detektive  |l Slovensky 
245 1 0 |a Emil a detektívi  |c Erich Kästner ; z nemeckého originálu Emil und die Detektive ... preložil Melichar Václav ; ilustroval Ľubomír Kellenberger 
250 |a Vydanie v ML prvé 
260 |a Bratislava  |b Mladé letá  |c 1958  |e Ružomberok  |f Tlačiarne SNP 
300 |a 123 strán, 4 nečíslované strany obrazových príloh  |b ilustrácie (niektoré farebné)  |c 21 cm 
366 |e 15280 kusov 
504 |a Obsahuje výslovnosť a význam mien 
521 8 |a Pre čitateľov od 9 rokov 
655 7 |a nemecké poviedky  |2 SNKPH  |9 70746 
655 7 |a dobrodružné poviedky  |2 SNKPH  |9 73183 
655 7 |a literatúra pre deti  |2 SNKPH  |9 87135 
700 1 |a Václav, Melichar,  |d 1916-2013  |4 trl  |9 52386 
700 1 |a Kellenberger, Ľubomír,  |d 1921-1971  |4 ill  |9 114668 
954 |a beletria cudzojazyčná (svetová)  |2 lita 
958 |a RK 
958 |a TL 
958 |a DB 
958 |a UP 
958 |a DE 
958 |a LX 
958 |a OND 
968 |b DT 
999 |c 562802  |d 564732 
952 |a SNK  |b SNK  |y PREZ  |7 0  |p 17A0826885  |o snkSC 11914  |i snkKSP 2845/58  |0 0  |1 0  |4 0  |d 2019-12-02  |f 1  |l 0  |r 2025-07-11 00:00:00  |w 2026-02-23